UM Logo

Enhanced synchronization stability of grid-forming inverters with passivity-based virtual oscillator control / (Record no. 21308)

MARC details
000 -LEADER
fixed length control field 01057nam a22002537a 4500
003 - CONTROL NUMBER IDENTIFIER
control field OSt
005 - DATE AND TIME OF LATEST TRANSACTION
control field 20250328154608.0
008 - FIXED-LENGTH DATA ELEMENTS--GENERAL INFORMATION
fixed length control field 240904b ||||| |||| 00| 0 eng d
040 ## - CATALOGING SOURCE
Transcribing agency 0
082 ## - DEWEY DECIMAL CLASSIFICATION NUMBER
Classification number DPer 621.317 Ie21 December 2022 v.37 n. 12 part 1&2.
100 ## - MAIN ENTRY--PERSONAL NAME
Personal name Kong, Le.
Relator term author.
9 (RLIN) 60169
245 ## - TITLE STATEMENT
Title Enhanced synchronization stability of grid-forming inverters with passivity-based virtual oscillator control /
Statement of responsibility, etc. Le Kong, Yaosuo Xue, Liang Qiao, and Fie Wang.
260 ## - PUBLICATION, DISTRIBUTION, ETC. (IMPRINT)
Place of publication, distribution, etc. New York ;
Name of publisher, distributor, etc. The Institute of Electrical and Electronics Engineers, Inc.,
Date of publication, distribution, etc. December 2022.
300 ## - PHYSICAL DESCRIPTION
Extent volume 37, pages 14141-14156,
Other physical details illustration.
500 ## - GENERAL NOTE
General note IEEE Transactions on Power Electronics, v. 37 n. 12, pages 14141-14156, December 2022.
650 #0 - SUBJECT ADDED ENTRY--TOPICAL TERM
Topical term or geographic name as entry element Grid forming inverter.
9 (RLIN) 66005
650 #0 - SUBJECT ADDED ENTRY--TOPICAL TERM
Topical term or geographic name as entry element Oscillators.
9 (RLIN) 66006
650 #0 - SUBJECT ADDED ENTRY--TOPICAL TERM
Topical term or geographic name as entry element port-Hamiltonian system.
9 (RLIN) 66007
700 ## - ADDED ENTRY--PERSONAL NAME
Personal name Kong, Le.
Relator term author.
9 (RLIN) 60169
700 ## - ADDED ENTRY--PERSONAL NAME
Personal name Xue, Yaosuo.
Relator term author.
9 (RLIN) 60170
700 ## - ADDED ENTRY--PERSONAL NAME
Personal name Qiao, Liang
Relator term author.
9 (RLIN) 60171
700 ## - ADDED ENTRY--PERSONAL NAME
Personal name Wang Fie.
Relator term author.
9 (RLIN) 60172
942 ## - ADDED ENTRY ELEMENTS (KOHA)
Source of classification or shelving scheme Dewey Decimal Classification
Koha item type Periodicals
Holdings
Withdrawn status Lost status Source of classification or shelving scheme Damaged status Not for loan Collection code Home library Current library Date acquired Total Checkouts Full call number Date last seen Price effective from Koha item type Public note
    Dewey Decimal Classification     Periodicals UM Digos College - LIC UM Digos College - LIC 09/04/2024   DPer 621.317 Ie21 December 2022 v.37 n. 12 part 1&2. 09/04/2024 09/04/2024 Periodicals Periodical Article